000 01243nam a2200265Ia 4500
001 232-MEI jo eb (16255)
003 IT-MiSPE
008 171229s9999||||xx |||||||||||||| ||und||
040 _aIT-MiSPE
_cIT-MiSPE
041 _aITALIANO
100 _aJohn P. Meier
240 _aA Marginal Jew: Rethinking the Historical Jesus: III. Companions and Competitors
245 0 _aUn ebreo marginale: Ripensare il Gesù storico
_bIII. Compagni ed antagonisti
250 _a1a ed. (v)
260 _aBrescia
_bQueriniana
_c2003
300 _a723 p. [4 v.]
_c23 cm
490 _a Biblioteca di teologia contemporanea
_v125
501 _aEdizioni San Paolo srl - Piazza Soncino, 5 - 20092 CINISELLO BALSAMO (MI) (non commercial uses only) ® Copyright 2018
520 _aAltri autori: Luca De Santis
700 _aFlavio Dalla Vecchia
700 _aLaura Ferrari
_g(traduzione)
942 _cBK
957 _71
999 _a2634
_bNO
_g Copie: 1
_c341043
_d341043